Surgical anatomy of the lateral transpsoas approach to the lumbar spine (Registro nro. 322006)

Detalles MARC
000 -ENCABEZADO
Número de control [NR] 00927nam a22002417a 4500
005 - FECHA Y HORA DE LA ÚLTIMA TRANSACCIÓN
control field 20230117141440.0
008 - DE LONGITUD FIJA DE DATOS DE ELEMENTOS - INFORMACIÓN GENERAL
Elementos de longitud fija [NR] 230117s2020 enka|||fr|||| 00| 0 eng d
020 ## - NUMERO INTERNACIONAL NORMALIZADO PARA LIBROS [R]
Número Internacional Normalizado del libro [NR] 9780323673761
040 ## - FUENTE DE CATALOGACION [NR]
Agencia de catalogación original [NR] CO-BoUCM
Idioma de catalogación [NR] spa
Quien Cataloga Deissy Garcia
Quien Clasifica Deissy Garcia
041 0# - CODIGO DE IDIOMA [R]
Código de idioma para texto/pista de sonido o título separado [R] Inglés
060 ## - SIGNATURA TOPOGRAFICA DE LA BIBLIOTECA NACIONAL DE MEDICINA (NLM) [R]
Número clasificador [R] WE 727
245 00 - MENCION DE TITULO [NR]
Título [NR] Surgical anatomy of the lateral transpsoas approach to the lumbar spine
Mención de responsabilidad, etc. [NR] edición R. Shane Tubbs, Rod J. Oskouian, Joe Iwanaga, Marc Moisi
260 ## - PUBLICACION, DISTRIBUCION, ETC. (PIE DE IMPRENTA) [R]
Lugar de publicación, distribución, etc. [R] Eastbourne
Nombre del editor, distribuidor, etc. [R] Elsevier
Fecha de publicación, distribución, etc. [R] 2020
300 ## - DESCRIPCION FISICA [R]
Extensión [R] xi, 244 páginas
Otros detalles físicos [NR] ilustraciones
504 ## - NOTA DE BIBLIOGRAFIA, ETC. [R]
Nota de bibliografía, etc. [NR] Incluye referencias bibliográficas e índices
650 ## - ASIENTO SECUNDARIO DE MATERIA - TERMINO TEMATICO [R]
Término temático o nombre geográfico como elemento de entrada [NR] Vértebras lumbares
Subdivisión general [R] Anatomía
9 (RLIN) 176532
650 ## - ASIENTO SECUNDARIO DE MATERIA - TERMINO TEMATICO [R]
Término temático o nombre geográfico como elemento de entrada [NR] Vértebras lumbares
Subdivisión general [R] Cirugía
9 (RLIN) 176533
700 1# - ASIENTO SECUNDARIO - NOMBRE PERSONAL [R]
9 (RLIN) 176529
Nombre personal [NR] Tubbs, R. Shane
Término de relación [R] editor
700 1# - ASIENTO SECUNDARIO - NOMBRE PERSONAL [R]
Nombre personal [NR] Oskouian, Rod J.
9 (RLIN) 176534
700 1# - ASIENTO SECUNDARIO - NOMBRE PERSONAL [R]
9 (RLIN) 176530
Nombre personal [NR] Iwanaga, Joe
Término de relación [R] editor
700 1# - ASIENTO SECUNDARIO - NOMBRE PERSONAL [R]
9 (RLIN) 176531
Nombre personal [NR] Moisi, Marc
Término de relación [R] editor
942 ## - ELEMENTOS DE ENTRADA AGREGADOS (KOHA)
Sistema de clasificación NLM
Tema principal Medicina
Tipo de ítem principal el descrito en 300a Libro
Edición 1
Clasificación WE 727
Parte restante de la signatura top. S961
Título oculto en OPAC No
Existencias
Total préstamos Signatura topográfica Código de barras Última vez visto Ejemplar Costo de reposición Price effective from Tipo de ítem Perdido Sistema de clasificación Dañado No prestable Tipo de ítem específico Suprimido Ubicación habitual Ubicación actual Localización Fecha de creación Forma de adquisición Costo
  WE 727 S961 100170625 01/12/2025 Ej.1 530055.00 17/01/2023 Libro   NLM     Libro   Hospital Universitario Mayor Hospital Universitario Mayor 9no piso 17/01/2023 Compra 530055.00